Grammatica latina 1
Na minha lista:
| Autor principal: | |
|---|---|
| Formato: | Livro |
| Idioma: | Undetermined |
| Publicado em: |
San José, Costa Rica
Editorial Universidad de Costa Rica
2014
|
| Assuntos: | |
| Tags: |
Adicionar Tag
Sem tags, seja o primeiro a adicionar uma tag!
|
MARC
| LEADER | 00000nam a2200000Ia 4500 | ||
|---|---|---|---|
| 008 | 170316s9999 xx 000 0 und d | ||
| 090 | |a 415-L C-2g v.1 | ||
| 100 | |a Campos Vargas, Henry | ||
| 245 | |a Grammatica latina 1 | ||
| 260 | |a San José, Costa Rica | ||
| 260 | |b Editorial Universidad de Costa Rica | ||
| 260 | |c 2014 | ||
| 300 | |a 153 páginas | ||
| 650 | |a GRAMÁTICA LATINA | ||
| 650 | |a LATÍN - GRAMÁTICA | ||
| 650 | |a EN IDIOMA LATÍN | ||
| 650 | |a ENSEÑANZA DEL LATÍN | ||
| 999 | |c 19611 |d 19611 | ||
| 040 | |a cru BVZT | ||
| 942 | |c 15 D |h 415-L C-2g v.1 |2 z | ||
